| 000 | 00876nam a22002537a 4500 | ||
|---|---|---|---|
| 999 |
_c19948 _d19948 |
||
| 003 | AR-CdUCM | ||
| 008 | 190226b ||||| |||| 00| 0 spa d | ||
| 040 |
_aMUNICIPALIDAD PROVINCIAL DEL CUSCO _cBIBLIOTECA MUNICIPAL DEL CUSCO |
||
| 082 |
_a940.53 / _bR81 |
||
| 100 |
_aRommel, Mariscal _94776 |
||
| 245 |
_aMemorias : _bLos Años de Derrota / |
||
| 260 |
_aMéxico : _bZarco, S. A. ; _c1955. |
||
| 300 |
_a313 páginas _bfotografías _c20cm |
||
| 505 | _aContenido : La ruptura a través de mosa -- el cerco de cierra -- La ruptura por el somme... | ||
| 650 |
_aFrancia 1940 _941723 |
||
| 650 |
_aCampaña de África _941724 |
||
| 650 |
_aSegunda guerra mundial _93486 |
||
| 700 |
_aLiddell Hart, B. H. _94778 |
||
| 700 |
_aRommel, Lucie-Marie _94779 |
||
| 700 |
_aRommel, Manfred _94780 |
||
| 700 |
_aBayerlein, Fritz _94781 |
||
| 942 |
_2ddc _cLIBROS |
||
| 945 | _arcc | ||